[Event "Vescovato Gerolamo op-A 13th"]
[Site "Vescovato"]
[Date "2014.04.27"]
[Round "5"]
[White "Popovich, Fabio"]
[Black "Panizzi, Giuseppe"]
[Result "0-1"]
[WhiteElo "1945"]
[BlackElo "2071"]
[PlyCount "88"]
[EventDate "2014.04.25"]
[EventType "swiss"]
[EventRounds "6"]
[EventCountry "ITA"]
[SourceTitle "EXT 2015"]
[Source "ChessBase"]
[SourceDate "2014.11.20"]
[SourceVersion "1"]
[SourceVersionDate "2014.11.20"]
[SourceQuality "1"]

1. c4 e5 2. g3 Nf6 3. Bg2 d5 4. cxd5 Nxd5 5. Nc3 Nb6 6. Nf3 Nc6 7. 0-0 Be6 8. d3 Be7 9. a3 a5 10. Be3 0-0 11. Na4 Nxa4 12. Qxa4 f6 13. Rac1 Qd7 14. Rfe1 Rab8 15. Bc5 Bd6 16. Nd2 b5 17. Qc2 Ne7 18. Bxd6 cxd6 19. Qc7 a4 20. Qxd7 Bxd7 21. Rc7 Rfd8 22. Bb7 Kf8 23. Ne4 Be6 24. Rec1 h6 25. Kf1 f5 26. Nd2 Rd7 27. Rxd7 Bxd7 28. Bf3 Ke8 29. Ke1 Kd8 30. Kd1 Be6 31. Rc3 Kd7 32. e3 d5 33. Bg2 Kd6 34. Nf3 b4 35. axb4 Rxb4 36. Kc2 d4 37. Ra3 Bb3+ 38. Kc1 dxe3 39. fxe3 Nd5 40. Kd2 Nc7 41. d4 e4 42. Ne5 Nb5 43. Ra1 Nxd4 44. Kc3 Kxe5 0-1

[Event "Vescovato Gerolamo op-A 13th"]
[Site "Vescovato"]
[Date "2014.04.26"]
[Round "4"]
[White "Pinna, Ferdinando"]
[Black "Panizzi, Giuseppe"]
[Result "1/2-1/2"]
[WhiteElo "1938"]
[BlackElo "2071"]
[PlyCount "68"]
[EventDate "2014.04.25"]
[EventType "swiss"]
[EventRounds "6"]
[EventCountry "ITA"]
[SourceTitle "EXT 2015"]
[Source "ChessBase"]
[SourceDate "2014.11.20"]
[SourceVersion "1"]
[SourceVersionDate "2014.11.20"]
[SourceQuality "1"]

1. e4 e5 2. Nf3 Nc6 3. Bb5 a6 4. Ba4 Nf6 5. 0-0 Be7 6. Re1 b5 7. Bb3 d6 8. h3 0-0 9. c3 Na5 10. Bc2 c5 11. d4 cxd4 12. cxd4 Qc7 13. Nbd2 Nc6 14. d5 Nb4 15. Bb1 a5 16. a3 Na6 17. b4 Bd7 18. Qb3 Rfc8 19. Bd3 a4 20. Qd1 Nh5 21. Nf1 Qb7 22. Bd2 Nc7 23. Rc1 Ne8 24. Rc2 Rxc2 25. Qxc2 Bd8 26. Rc1 g6 27. Ng3 Neg7 28. Kh2 Nxg3 29. fxg3 f5 30. Bg5 fxe4 31. Bxe4 Bb6 32. Be7 Bf5 33. Bxf5 Nxf5 34. Bg5 Kg7 1/2-1/2

[Event "Vescovato Gerolamo op-A 13th"]
[Site "Vescovato"]
[Date "2014.04.25"]
[Round "2"]
[White "De Santis, Alessio"]
[Black "Panizzi, Giuseppe"]
[Result "1-0"]
[WhiteElo "2285"]
[BlackElo "2071"]
[PlyCount "109"]
[EventDate "2014.04.25"]
[EventType "swiss"]
[EventRounds "6"]
[EventCountry "ITA"]
[SourceTitle "EXT 2015"]
[Source "ChessBase"]
[SourceDate "2014.11.20"]
[SourceVersion "1"]
[SourceVersionDate "2014.11.20"]
[SourceQuality "1"]

1. b3 e6 2. Bb2 Nf6 3. Nf3 d5 4. c4 c5 5. e3 Nc6 6. a3 Be7 7. g3 0-0 8. Bg2 d4 9. exd4 Nxd4 10. Bxd4 cxd4 11. d3 Rb8 12. 0-0 Qd6 13. Re1 b6 14. Nbd2 Bb7 15. b4 Rfd8 16. Ne5 Bxg2 17. Kxg2 Nd7 18. f4 Qc7 19. Qh5 g6 20. Qg4 Nf6 21. Qf3 Rbc8 22. Re2 Bf8 23. g4 Bg7 24. Rf1 Nd7 25. Nxd7 Qxd7 26. f5 exf5 27. gxf5 Re8 28. Ne4 Re5 29. Qg4 Rce8 30. Ref2 Rd8 31. Qg3 Ree8 32. fxg6 fxg6 33. Rf7 Re7 34. Rxe7 Qxe7 35. Qg5 Qxg5+ 36. Nxg5 Re8 37. Ne4 Re6 38. Kf3 Bf8 39. Rc1 Be7 40. c5 bxc5 41. bxc5 Rc6 42. Kf4 Bd8 43. Ke5 Ra6 44. Kxd4 Rxa3 45. Rb1 Bc7 46. h3 Bh2 47. Rb2 Bg1+ 48. Kc4 Kf7 49. c6 Ke6 50. Rb7 Ra1 51. Rxh7 Bb6 52. c7 Rc1+ 53. Nc3 Bxc7 54. Rxc7 a5 55. Rc6+ 1-0

[Event "Vescovato Gerolamo op-A 13th"]
[Site "Vescovato"]
[Date "2014.04.25"]
[Round "1"]
[White "Panizzi, Giuseppe"]
[Black "Righini, Giovanni"]
[Result "1-0"]
[WhiteElo "2071"]
[BlackElo "1895"]
[PlyCount "111"]
[EventDate "2014.04.25"]
[EventType "swiss"]
[EventRounds "6"]
[EventCountry "ITA"]
[SourceTitle "EXT 2015"]
[Source "ChessBase"]
[SourceDate "2014.11.20"]
[SourceVersion "1"]
[SourceVersionDate "2014.11.20"]
[SourceQuality "1"]

1. Nf3 Nf6 2. d4 e6 3. c4 b6 4. Bg5 Bb7 5. e3 Be7 6. Nc3 Ne4 7. Bxe7 Qxe7 8. Bd3 Nxc3 9. bxc3 0-0 10. 0-0 d6 11. e4 e5 12. Qe2 Nd7 13. Rab1 Rae8 14. Rfe1 Nf6 15. Nd2 g6 16. Qe3 Ng4 17. Qg3 Nf6 18. Qh4 Nh5 19. Qxe7 Rxe7 20. Re3 Nf4 21. Bf1 Rfe8 22. d5 Bc8 23. g3 Nh5 24. Be2 Nf6 25. Kg2 Ng4 26. Bxg4 Bxg4 27. f4 Bc8 28. Rbe1 f5 29. exf5 Bxf5 30. Nf3 Bd3 31. Nd2 Bf5 32. a3 Kf7 33. Nf3 Kf6 34. fxe5+ dxe5 35. h3 Bc8 36. Nd2 Ba6 37. g4 Rd8 38. Kg3 c6 39. Ne4+ Kg7 40. d6 Re6 41. c5 h6 42. Rb1 b5 43. Rf3 Rd7 44. h4 Rf7 45. Rbf1 Rxf3+ 46. Rxf3 Bc8 47. g5 h5 48. Rf6 Re8 49. Rf2 Bf5 50. Nf6 Rd8 51. Re2 e4 52. Kf4 a5 53. Nxe4 Bxe4 54. Rxe4 Kf7 55. Re7+ Kf8 56. Ke5 1-0

[Event "Crema op 10th"]
[Site "Crema"]
[Date "2008.09.07"]
[Round "6"]
[White "Kljunic, Brane"]
[Black "Panizzi, Giuseppe"]
[Result "0-1"]
[WhiteElo "1527"]
[BlackElo "2101"]
[PlyCount "86"]
[EventDate "2008.09.05"]
[EventType "swiss"]
[EventRounds "6"]
[EventCountry "ITA"]
[SourceTitle "EXT 2011"]
[Source "ChessBase"]
[SourceDate "2010.11.26"]
[SourceVersion "1"]
[SourceVersionDate "2010.11.26"]
[SourceQuality "1"]

1. d4 Nf6 2. Nc3 d5 3. Bf4 c6 4. Nf3 Bf5 5. e3 h6 6. Be2 e6 7. Qd2 Nbd7 8. a3 a5 9. h3 a4 10. Na2 Ne4 11. Qd1 c5 12. c3 Qb6 13. Qc1 Be7 14. 0-0 0-0 15. Bd3 Rfc8 16. Re1 Bg6 17. Ne5 Nxe5 18. dxe5 c4 19. Bc2 Qc7 20. f3 Nc5 21. Bxg6 fxg6 22. Qc2 g5 23. Bh2 Nd3 24. Rf1 Qb6 25. Qd2 Bc5 26. Rfe1 Nxe1 27. Rxe1 Rf8 28. Kh1 Rf7 29. f4 gxf4 30. exf4 Qd8 31. Rf1 Qh4 32. Nc1 Raf8 33. Ne2 g5 34. Bg3 Qh5 35. Rf3 g4 36. Rf1 gxh3 37. Rf3 Rg7 38. Nd4 Bxd4 39. Qxd4 Qg4 40. f5 hxg2+ 41. Kxg2 Qxd4 42. cxd4 Rxf5 43. Rxf5 exf5 0-1

[Event "Rivarolo Mantovano Weekend 5th"]
[Site "Rivarolo Mantovano"]
[Date "2007.10.14"]
[Round "4"]
[White "Panizzi, Giuseppe"]
[Black "Buccella, Francescantonio"]
[Result "0-1"]
[WhiteElo "2131"]
[BlackElo "1509"]
[PlyCount "102"]
[EventDate "2007.10.12"]
[EventType "swiss"]
[EventRounds "5"]
[EventCountry "ITA"]
[SourceTitle "EXT 2010"]
[Source "ChessBase"]
[SourceDate "2010.11.25"]
[SourceVersion "1"]
[SourceVersionDate "2010.11.25"]
[SourceQuality "1"]

1. Nf3 Nc6 2. d4 d5 3. Bf4 g6 4. e3 Bg7 5. Be2 Nf6 6. h3 0-0 7. Na3 a6 8. c4 e6 9. Rc1 Re8 10. 0-0 Re7 11. Qb3 Nh5 12. Bh2 Nf6 13. Rfd1 h6 14. Bd3 Nh7 15. Qc3 Rd7 16. cxd5 exd5 17. Bf4 Nf6 18. Ne5 Nxe5 19. Bxe5 c6 20. Qc2 Qe8 21. Nb1 Kh8 22. Nd2 Re7 23. Nf3 Be6 24. Bd6 Rd7 25. Bc5 Ng8 26. h4 Bg4 27. Be2 Qe6 28. Nh2 Bf5 29. Bd3 Be4 30. Re1 f5 31. f3 Bxd3 32. Qxd3 Nf6 33. Qf1 h5 34. Qf2 Bh6 35. Nf1 Rg8 36. Rc2 g5 37. Kh1 g4 38. Ng3 Rdg7 39. f4 Ne4 40. Nxe4 Qxe4 41. Rc3 g3 42. Qc2 Qe6 43. Qb3 Qf6 44. Kg1 Qxh4 45. Qc2 Qh2+ 46. Kf1 Qh1+ 47. Ke2 Qxg2+ 48. Kd1 Qxc2+ 49. Rxc2 g2 50. Rg1 h4 51. Bf8 Rg3 0-1

[Event "Rivarolo Mantovano Weekend 5th"]
[Site "Rivarolo Mantovano"]
[Date "2007.10.13"]
[Round "2"]
[White "Panizzi, Giuseppe"]
[Black "Acciaioli, Fabio"]
[Result "1/2-1/2"]
[WhiteElo "2131"]
[BlackElo "1754"]
[PlyCount "141"]
[EventDate "2007.10.12"]
[EventType "swiss"]
[EventRounds "5"]
[EventCountry "ITA"]
[SourceTitle "EXT 2010"]
[Source "ChessBase"]
[SourceDate "2010.11.25"]
[SourceVersion "1"]
[SourceVersionDate "2010.11.25"]
[SourceQuality "1"]

1. Nf3 Nf6 2. g3 g6 3. Bg2 Bg7 4. 0-0 0-0 5. d4 c5 6. c4 cxd4 7. Nxd4 Nc6 8. Nf3 d5 9. cxd5 Qxd5 10. Qa4 Qe4 11. Nc3 Qxa4 12. Nxa4 Bf5 13. Bd2 Ne4 14. Be3 Rac8 15. Nh4 Nd4 16. Nxf5 Nxe2+ 17. Kh1 gxf5 18. Rfe1 Nd4 19. Bxe4 fxe4 20. Bxd4 Bxd4 21. Rxe4 e5 22. Nc3 f5 23. Re2 Bxc3 24. bxc3 e4 25. Re3 Rfd8 26. Rb1 b6 27. Rb5 Rc5 28. Rxc5 bxc5 29. g4 Rd3 30. Kg2 Kf7 31. Kg3 fxg4 32. Kxg4 Rd2 33. Kg3 Rxa2 34. Rxe4 Rd2 35. f3 Rd7 36. Kf4 Rd3 37. Rc4 Rd5 38. Ra4 Rh5 39. Rxa7+ Ke6 40. Kg3 Kd5 41. Ra4 Re5 42. Rh4 Rg5+ 43. Rg4 Rf5 44. c4+ Ke5 45. h4 Rf7 46. Re4+ Kd6 47. f4 Rg7+ 48. Kf3 Rg1 49. Re5 Rc1 50. Rd5+ Kc6 51. Rh5 Rxc4 52. Rxh7 Kd6 53. h5 Ke6 54. Kg4 Rc1 55. Rh6+ Kf7 56. Rc6 Kg7 57. Kf5 Rh1 58. Rc7+ Kh6 59. Kf6 Rxh5 60. f5 Rh1 61. Rxc5 Ra1 62. Re5 Kh7 63. Kf7 Ra7+ 64. Re7 Ra6 65. f6 Rb6 66. Rd7 Ra6 67. Ke8+ Kg6 68. f7 Ra8+ 69. Ke7 Kg7 70. Rb7 Rf8 71. Ke6 1/2-1/2

[Event "Piacenza op 2nd"]
[Site "Piacenza"]
[Date "2006.10.22"]
[Round "5"]
[White "Bonade, Massimo"]
[Black "Panizzi, Giuseppe"]
[Result "1-0"]
[WhiteElo "2097"]
[BlackElo "2122"]
[PlyCount "85"]
[EventDate "2006.10.20"]
[EventType "swiss"]
[EventRounds "5"]
[EventCountry "ITA"]
[SourceTitle "EXT 2024"]
[Source "ChessBase"]
[SourceDate "2023.10.10"]
[SourceVersion "1"]
[SourceVersionDate "2023.10.10"]
[SourceQuality "1"]

1. d4 Nf6 2. c4 g6 3. Nc3 Bg7 4. e4 d6 5. Nf3 0-0 6. Be2 e5 7. Be3 Nc6 8. d5 Ne7 9. Nd2 Nd7 10. b4 f5 11. f3 f4 12. Bf2 Nf6 13. c5 g5 14. Nc4 Ng6 15. cxd6 cxd6 16. Nb5 Ne8 17. Bxa7 Bd7 18. Bb6 Qf6 19. Nc3 h5 20. Bf2 g4 21. Nb6 Rd8 22. Nxd7 Rxd7 23. fxg4 h4 24. h3 f3 25. Bxf3 Bh6 26. Ne2 Bg5 27. a4 Nf4 28. Nxf4 Qxf4 29. 0-0 Rc7 30. Qe1 Ng7 31. Bxh4 Bxh4 32. Qxh4 Rc2 33. Qe1 Rc4 34. a5 Rfc8 35. b5 Ne8 36. a6 bxa6 37. bxa6 Qf7 38. a7 Qb7 39. Qf2 Ng7 40. Rfb1 Qa8 41. Qb6 Ne8 42. Kh2 Nf6 43. Qxd6 1-0

[Event "Piacenza op 2nd"]
[Site "Piacenza"]
[Date "2006.10.21"]
[Round "3"]
[White "Panizzi, Giuseppe"]
[Black "Brancaleoni, Maurizio"]
[Result "0-1"]
[WhiteElo "2122"]
[BlackElo "2259"]
[PlyCount "78"]
[EventDate "2006.10.20"]
[EventType "swiss"]
[EventRounds "5"]
[EventCountry "ITA"]
[SourceTitle "EXT 2024"]
[Source "ChessBase"]
[SourceDate "2023.10.10"]
[SourceVersion "1"]
[SourceVersionDate "2023.10.10"]
[SourceQuality "1"]

1. d4 Nf6 2. Nf3 d5 3. g3 Bf5 4. Bg2 e6 5. c4 c6 6. 0-0 Nbd7 7. Nc3 Be7 8. Qb3 Qb6 9. Qxb6 axb6 10. cxd5 exd5 11. Nh4 Bc2 12. Bd2 h6 13. Rfc1 Bh7 14. Bh3 g5 15. Bxd7+ Nxd7 16. Ng2 b5 17. a3 Nb6 18. Nd1 Kd7 19. Bb4 Bf6 20. e3 Rhg8 21. h3 h5 22. Ne1 Bf5 23. Kg2 Bd8 24. b3 Be4+ 25. Kg1 f6 26. Nb2 Nc8 27. Nbd3 b6 28. Bd2 Bf5 29. Kg2 Nd6 30. f3 g4 31. hxg4 hxg4 32. Nb4 Bc7 33. Rxc6 gxf3+ 34. Nxf3 Ne4 35. Rxc7+ Kxc7 36. Be1 Kd6 37. Nd3 Rg7 38. Bb4+ Kd7 39. Nf4 Rxg3+ 0-1

[Event "Piacenza op 2nd"]
[Site "Piacenza"]
[Date "2006.10.20"]
[Round "1"]
[White "Panizzi, Giuseppe"]
[Black "Garofalo, Sergio"]
[Result "1-0"]
[WhiteElo "2122"]
[BlackElo "1815"]
[PlyCount "75"]
[EventDate "2006.10.20"]
[EventType "swiss"]
[EventRounds "5"]
[EventCountry "ITA"]
[SourceTitle "EXT 2024"]
[Source "ChessBase"]
[SourceDate "2023.10.10"]
[SourceVersion "1"]
[SourceVersionDate "2023.10.10"]
[SourceQuality "1"]

1. d4 d5 2. c4 c6 3. Nc3 e5 4. cxd5 cxd5 5. e4 dxe4 6. d5 Nf6 7. Bg5 Nbd7 8. Bb5 Qa5 9. Nge2 e3 10. Bxe3 a6 11. Bxd7+ Bxd7 12. 0-0 Bd6 13. Bg5 Bf5 14. Ng3 Bg6 15. Bxf6 gxf6 16. Nce4 Qd8 17. Qf3 Bxe4 18. Nxe4 0-0 19. Nxf6+ Kg7 20. Ne4 f5 21. Ng3 Qg5 22. Qb3 Rae8 23. Qxb7+ Re7 24. Qc6 Rf6 25. Qc1 Qh4 26. Qd1 Kh6 27. Qd2+ f4 28. Ne4 Rg6 29. f3 Bb8 30. Rac1 Ba7+ 31. Nc5 Rxg2+ 32. Kxg2 Rg7+ 33. Kh1 Qh3 34. b4 Rg3 35. Qe2 e4 36. Nxe4 Bd4 37. Nxg3 fxg3 38. Qe6+ 1-0

[Event "Piacenza op 1st"]
[Site "Piacenza"]
[Date "2005.11.06"]
[Round "5"]
[White "Panizzi, Giuseppe"]
[Black "Barletta, Mauro"]
[Result "0-1"]
[WhiteElo "2145"]
[BlackElo "2254"]
[PlyCount "68"]
[EventDate "2005.11.04"]
[EventType "swiss"]
[EventRounds "5"]
[EventCountry "ITA"]
[SourceTitle "CBM 109 Extra"]
[Source "ChessBase"]
[SourceDate "2006.01.03"]
[SourceVersion "2"]
[SourceVersionDate "2006.01.03"]
[SourceQuality "1"]

1. Nf3 d5 2. d4 c5 3. c3 e6 4. Bf4 Nc6 5. e3 Qb6 6. Qc2 Nf6 7. Nbd2 Bd7 8. Ne5 Rc8 9. Nxc6 Bxc6 10. Rc1 Be7 11. Be2 0-0 12. 0-0 Bb5 13. Bxb5 Qxb5 14. Rfe1 Rfd8 15. Be5 Nd7 16. Bg3 Bf6 17. Nf3 a5 18. Bd6 Qc6 19. Bxc5 Nxc5 20. dxc5 Qxc5 21. Qe2 b5 22. Qd2 g6 23. Red1 Kg7 24. h3 Qb6 25. Rc2 Rc4 26. Rdc1 Rdc8 27. Qe2 e5 28. Ne1 h5 29. Rd1 d4 30. cxd4 exd4 31. exd4 Bxd4 32. Rxc4 bxc4 33. Rb1 c3 34. Nc2 cxb2 0-1

[Event "Crema op 06th"]
[Site "Crema"]
[Date "2004.09.05"]
[Round "6"]
[White "Bettini, Massimo"]
[Black "Panizzi, Giuseppe"]
[Result "0-1"]
[WhiteElo "1829"]
[BlackElo "2091"]
[PlyCount "88"]
[EventDate "2004.09.03"]
[EventType "swiss"]
[EventRounds "6"]
[EventCountry "ITA"]
[SourceTitle "EXT 2007"]
[Source "ChessBase"]
[SourceDate "2006.11.23"]
[SourceVersion "1"]
[SourceVersionDate "2006.11.23"]
[SourceQuality "1"]

1. e4 c5 2. d4 cxd4 3. c3 dxc3 4. Nxc3 d6 5. Bc4 e6 6. Nf3 Nc6 7. Qe2 a6 8. 0-0 Nf6 9. Rd1 Qc7 10. Bf4 Ne5 11. Bb3 Nxf3+ 12. Qxf3 Be7 13. Rac1 Qb8 14. Bg5 0-0 15. h4 h6 16. Bf4 e5 17. Be3 Bg4 18. Qg3 Bxd1 19. Rxd1 Kh7 20. Qf3 b5 21. g4 Qc8 22. Nd5 Bd8 23. Nxf6+ Bxf6 24. Bd5 Bxh4 25. Bxa8 Qxa8 26. Rxd6 Rd8 27. Rd5 Kg8 28. Rxe5 Bf6 29. Rf5 Re8 30. Rd5 Bxb2 31. Rd7 Bf6 32. Bxh6 Qxe4 33. Qxe4 Rxe4 34. f3 Ra4 35. Be3 Ra3 36. Kf2 Rxa2+ 37. Rd2 Rxd2+ 38. Bxd2 Bd4+ 39. Ke2 Kf8 40. Kd3 Bc5 41. Ba5 Ke7 42. Bc3 f6 43. g5 Ke6 44. Bd2 Kd5 0-1

[Event "Crema op 06th"]
[Site "Crema"]
[Date "2004.09.04"]
[Round "3"]
[White "Ficco, Corrado"]
[Black "Panizzi, Giuseppe"]
[Result "1-0"]
[WhiteElo "2145"]
[BlackElo "2091"]
[PlyCount "120"]
[EventDate "2004.09.03"]
[EventType "swiss"]
[EventRounds "6"]
[EventCountry "ITA"]
[SourceTitle "EXT 2007"]
[Source "ChessBase"]
[SourceDate "2006.11.23"]
[SourceVersion "1"]
[SourceVersionDate "2006.11.23"]
[SourceQuality "1"]

1. d4 Nf6 2. c4 e6 3. Nf3 d5 4. Nc3 c6 5. e3 Nbd7 6. Bd3 dxc4 7. Bxc4 b5 8. Be2 a6 9. 0-0 Bb7 10. e4 c5 11. d5 exd5 12. Nxd5 Nxd5 13. exd5 Nf6 14. Re1 Bd6 15. Bxb5+ Kf8 16. Bc6 Qc7 17. Bg5 Bxc6 18. dxc6 Qxc6 19. Bxf6 gxf6 20. Qd2 Rg8 21. Rad1 Rd8 22. Qh6+ Rg7 23. Kh1 Be7 24. Rxd8+ Bxd8 25. Qe3 Rg6 26. h3 f5 27. Qd3 Bf6 28. Re2 Qb5 29. Qxb5 axb5 30. Ne5 Bxe5 31. Rxe5 Rc6 32. Rxf5 b4 33. b3 c4 34. bxc4 Rxc4 35. Rb5 Rc2 36. Rxb4 Rxa2 37. f3 Kg7 38. Kh2 h6 39. Kg3 Kf6 40. h4 Kg7 41. h5 Kf6 42. Kh3 Ra6 43. Kh4 Kg7 44. Kg4 Ra5 45. g3 Rg5+ 46. Kh4 Rf5 47. f4 Ra5 48. Re4 Kf6 49. Kg4 Rb5 50. Ra4 Rb6 51. Ra5 Rc6 52. Kh4 Rb6 53. Ra7 Re6 54. Ra5 Rb6 55. g4 Rc6 56. Rf5+ Kg7 57. g5 hxg5+ 58. fxg5 Rc4+ 59. Kg3 Rc8 60. Rf4 Rg8 1-0

[Event "Crema op 06th"]
[Site "Crema"]
[Date "2004.09.03"]
[Round "1"]
[White "Conca, Mauro"]
[Black "Panizzi, Giuseppe"]
[Result "0-1"]
[WhiteElo "1646"]
[BlackElo "2091"]
[PlyCount "56"]
[EventDate "2004.09.03"]
[EventType "swiss"]
[EventRounds "6"]
[EventCountry "ITA"]
[SourceTitle "EXT 2007"]
[Source "ChessBase"]
[SourceDate "2006.11.23"]
[SourceVersion "1"]
[SourceVersionDate "2006.11.23"]
[SourceQuality "1"]

1. d4 Nf6 2. Nf3 d5 3. c4 c6 4. e3 Nbd7 5. Nbd2 e6 6. Bd3 Bd6 7. Qc2 0-0 8. 0-0 Re8 9. Re1 e5 10. dxe5 Nxe5 11. Nxe5 Bxe5 12. Nf3 Bd6 13. c5 Bc7 14. b4 Bg4 15. Nd4 Ne4 16. f3 Bxh2+ 17. Kxh2 Qh4+ 18. Kg1 Qxe1+ 19. Kh2 Bd7 20. fxe4 dxe4 21. Bc4 Re5 22. Bxf7+ Kxf7 23. Qc4+ Kg6 24. Qe2 Rh5+ 25. Qxh5+ Kxh5 26. a3 Rf8 27. Bb2 Qh4+ 28. Kg1 Qf2+ 0-1

[Event "Parco del Taro op 1st"]
[Site "Collecchio"]
[Date "2004.03.14"]
[Round "5"]
[White "Losi, Renzo"]
[Black "Panizzi, Giuseppe"]
[Result "0-1"]
[WhiteElo "1789"]
[BlackElo "1871"]
[PlyCount "82"]
[EventDate "2004.03.12"]
[EventType "swiss"]
[EventRounds "5"]
[EventCountry "ITA"]
[SourceTitle "EXT 2007"]
[Source "ChessBase"]
[SourceDate "2006.11.23"]
[SourceVersion "1"]
[SourceVersionDate "2006.11.23"]
[SourceQuality "1"]

1. e4 c5 2. Nf3 Nc6 3. d4 cxd4 4. c3 dxc3 5. Nxc3 d6 6. Bc4 e6 7. 0-0 a6 8. Qe2 Be7 9. Rd1 Qc7 10. Bf4 Ne5 11. Nxe5 dxe5 12. Be3 Nf6 13. Rac1 Qa5 14. Bb3 0-0 15. g4 b5 16. g5 Nd7 17. Qh5 Nc5 18. Nd5 exd5 19. Bxd5 g6 20. Qh4 Nb7 21. Bxb7 Bxb7 22. Rd7 Rac8 23. Rxc8 Bxc8 24. Rxe7 Be6 25. a3 Qe1+ 26. Kg2 Qe2 27. b4 Bc4 28. h3 Qf1+ 29. Kh2 Be6 30. Ra7 Rc8 31. Bc5 Qd3 32. Rxa6 Qf3 33. Ra7 Bc4 34. Re7 Be6 35. Bd6 Qc3 36. Qh6 Qd4 37. Bc5 Qxe4 38. Rxe6 fxe6 39. Be7 Qf3 40. Bc5 Rd8 41. h4 Rd1 0-1

[Event "Parco del Taro op 1st"]
[Site "Collecchio"]
[Date "2004.03.12"]
[Round "1"]
[White "Panizzi, Giuseppe"]
[Black "Taglialatela, Massimiliano"]
[Result "1-0"]
[WhiteElo "1871"]
[BlackElo "1500"]
[PlyCount "63"]
[EventDate "2004.03.12"]
[EventType "swiss"]
[EventRounds "5"]
[EventCountry "ITA"]
[SourceTitle "EXT 2007"]
[Source "ChessBase"]
[SourceDate "2006.11.23"]
[SourceVersion "1"]
[SourceVersionDate "2006.11.23"]
[SourceQuality "1"]

1. d4 d5 2. Nf3 Nf6 3. Bf4 e6 4. e3 c5 5. c3 Nbd7 6. Bd3 Be7 7. Nbd2 0-0 8. Ne5 Re8 9. 0-0 Nf8 10. Bg3 Bd6 11. f4 c4 12. Bc2 Bd7 13. Bh4 Be7 14. Qf3 Bc8 15. Qh3 N6d7 16. Be1 f5 17. Ba4 a6 18. Bxd7 Bxd7 19. Ndf3 Qb6 20. Rf2 Bc6 21. g4 fxg4 22. Qxg4 Bf6 23. Rg2 Re7 24. Bh4 Bxh4 25. Qxh4 Qd8 26. Kh1 Be8 27. Rag1 Bg6 28. Nxg6 Nxg6 29. Qh3 Qf8 30. Ng5 Nh4 31. Qxh4 g6 32. Nf3 1-0

[Event "Salsomaggiore Terme op 8th"]
[Site "Salsomaggiore Terme"]
[Date "2004.??.??"]
[Round "3"]
[White "Bocci, Alessandro"]
[Black "Panizzi, Giuseppe"]
[Result "0-1"]
[WhiteElo "1780"]
[BlackElo "2035"]
[PlyCount "147"]
[EventDate "2004.05.??"]
[EventType "swiss"]
[EventRounds "6"]
[EventCountry "ITA"]
[SourceTitle "EXT 2007"]
[Source "ChessBase"]
[SourceDate "2006.11.23"]
[SourceVersion "1"]
[SourceVersionDate "2006.11.23"]
[SourceQuality "1"]

1. d4 Nf6 2. Nf3 d6 3. c4 g6 4. Nc3 Bg7 5. e4 0-0 6. Be2 e5 7. dxe5 dxe5 8. Qxd8 Rxd8 9. Bg5 c6 10. h3 Nbd7 11. 0-0-0 Re8 12. Be3 Nh5 13. g3 Nf8 14. Nd2 Nf6 15. f3 Nh5 16. Bf2 b6 17. Nb3 Ne6 18. a3 Nd4 19. Nxd4 exd4 20. Na2 c5 21. Kc2 Bb7 22. Nc1 a5 23. a4 Bc6 24. b3 Bf8 25. Nd3 Bd6 26. g4 Ng3 27. Bxg3 Bxg3 28. Kd2 Bh4 29. Rhf1 f6 30. Rg1 Ra7 31. Rg2 Bg5+ 32. Kc2 Rae7 33. Rh1 Bh4 34. Kd2 h6 35. Rf1 Kh7 36. Bd1 Bg5+ 37. Kc2 Be3 38. h4 Bd7 39. Rh1 f5 40. gxf5 gxf5 41. e5 f4 42. Be2 Bf5 43. h5 Rxe5 44. Kd1 R5e7 45. Rh4 Rg8 46. Rxg8 Kxg8 47. Nxf4 Rg7 48. Ng6 d3 49. Bf1 Bg5 50. Rh2 Bxg6 51. hxg6 Rd7 52. Bh3 Rd4 53. Bf5 Kg7 54. Be4 d2 55. Rg2 Rd7 56. Rg4 Re7 57. Rg2 Kf6 58. Re2 Bf4 59. Rg2 h5 60. Rg1 Bh6 61. Rh1 Re5 62. Rg1 Rg5 63. Rxg5 Bxg5 64. Ke2 Bf4 65. Bc2 h4 66. Kf1 h3 67. Kf2 Be5 68. Kg1 Kg5 69. Kf2 Kf4 70. Bd1 Bd4+ 71. Kf1 Kg3 72. g7 Bxg7 73. Kg1 Be5 74. Kh1 0-1

[Event "Salsomaggiore Terme op 8th"]
[Site "Salsomaggiore Terme"]
[Date "2004.??.??"]
[Round "1"]
[White "Mrdja, Milan"]
[Black "Panizzi, Giuseppe"]
[Result "1-0"]
[WhiteElo "2405"]
[BlackElo "2035"]
[PlyCount "87"]
[EventDate "2004.05.??"]
[EventType "swiss"]
[EventRounds "6"]
[EventCountry "ITA"]
[SourceTitle "EXT 2007"]
[Source "ChessBase"]
[SourceDate "2006.11.23"]
[SourceVersion "1"]
[SourceVersionDate "2006.11.23"]
[SourceQuality "1"]

1. e4 c5 2. Nf3 Nc6 3. Bb5 g6 4. h3 Bg7 5. Bxc6 dxc6 6. e5 e6 7. Nc3 Qc7 8. Qe2 b6 9. b3 Ne7 10. Bb2 Nd5 11. Ne4 0-0 12. 0-0 f5 13. exf6 Nxf6 14. Nxf6+ Bxf6 15. Bxf6 Rxf6 16. Ne5 Ba6 17. d3 Raf8 18. Ng4 Rf4 19. Qxe6+ Kg7 20. Rae1 R4f5 21. Qe7+ R8f7 22. Qxc7 Rxc7 23. Re8 h5 24. Ne5 Bc8 25. Re1 Rf6 26. f3 Bf5 27. g4 hxg4 28. hxg4 Bc8 29. Kg2 g5 30. Nc4 b5 31. Nd2 Kf7 32. R1e5 c4 33. dxc4 bxc4 34. Ne4 Rg6 35. Kg3 cxb3 36. axb3 c5 37. Nxg5+ Kf6 38. f4 c4 39. b4 c3 40. Ne4+ Kf7 41. f5 Rb6 42. Rc5 Rxc5 43. bxc5 Rb2 44. Nd6+ 1-0

[Event "Rivarolo Mantovano op"]
[Site "Rivarolo Mantovano"]
[Date "2003.10.18"]
[Round "4"]
[White "Moi, Roberto"]
[Black "Panizzi, Giuseppe"]
[Result "0-1"]
[WhiteElo "1840"]
[BlackElo "1841"]
[PlyCount "76"]
[EventDate "2003.10.11"]
[EventType "swiss"]
[EventRounds "6"]
[EventCountry "ITA"]
[SourceTitle "EXT 2007"]
[Source "ChessBase"]
[SourceDate "2006.11.23"]
[SourceVersion "1"]
[SourceVersionDate "2006.11.23"]
[SourceQuality "1"]

1. d4 Nf6 2. c4 e6 3. Nf3 d5 4. Nc3 c6 5. e3 Nbd7 6. Qc2 Bd6 7. g4 h6 8. h3 e5 9. cxd5 cxd5 10. dxe5 Nxe5 11. Nxe5 Bxe5 12. Bg2 0-0 13. Bd2 Be6 14. 0-0 Rc8 15. Qa4 a6 16. Rad1 Rc4 17. Qb3 b5 18. f4 Bb8 19. Be1 d4 20. Qa3 Qb6 21. Ne2 dxe3 22. b3 Rc2 23. Ba5 Qa7 24. Rfe1 Rfc8 25. Kf1 Bc7 26. Bc3 Bb6 27. Bxf6 gxf6 28. f5 Bc5 29. Qa5 Bd7 30. Be4 Rd2 31. Rxd2 exd2 32. Qxd2 Be3 33. Qb2 Bc6 34. Ng3 Bd4 35. Qc1 Qb8 36. Bxc6 Qxg3 37. Ke2 Qd6 38. Rd1 Rxc6 0-1